Integrated circuit engineering : (Record no. 182310)

000 -LEADER
fixed length control field 01377 a2200253 4500
003 - CONTROL NUMBER IDENTIFIER
control field Nust
005 - DATE AND TIME OF LATEST TRANSACTION
control field 20221202161203.0
010 ## - LIBRARY OF CONGRESS CONTROL NUMBER
LC control number 97126840
020 ## - INTERNATIONAL STANDARD BOOK NUMBER
International Standard Book Number 0198562780 (pbk) :
020 ## - INTERNATIONAL STANDARD BOOK NUMBER
International Standard Book Number 0198562799 (cased)
035 ## - SYSTEM CONTROL NUMBER
System control number (OCoLC)35135533
040 ## - CATALOGING SOURCE
Transcribing agency Nust
082 00 - DEWEY DECIMAL CLASSIFICATION NUMBER
Classification number 621.381521,HER
100 1# - MAIN ENTRY--PERSONAL NAME
Personal name Herbst, L. J.
9 (RLIN) 104039
245 10 - TITLE STATEMENT
Title Integrated circuit engineering :
Remainder of title establishing a foundation /
Statement of responsibility, etc. L.J. Herbst.
260 ## - PUBLICATION, DISTRIBUTION, ETC.
Place of publication, distribution, etc. Oxford ;
-- New York :
Name of publisher, distributor, etc. Oxford University Press,
Date of publication, distribution, etc. 1996.
300 ## - PHYSICAL DESCRIPTION
Extent xvi, 472 p. :
Other physical details ill. ;
Dimensions 25 cm.
440 #0 - SERIES STATEMENT/ADDED ENTRY--TITLE
Title Textbooks in electrical and electronic engineering ;
Volume/sequential designation vol. 4
9 (RLIN) 94859
505 ## - FORMATTED CONTENTS NOTE
Formatted contents note Overview (Page-1), Fabrication And Packaging (Page-15), Component Formation (Page-73), Device Behavior And Modeling (Page-93), Digital Circuits-Techniques And Performance (Page-117), Analogue Circuits- Techniques And Performance (Page-181), Semiconductor Memories (Page-261), ASIC Design Styles (Page-293), Asics- Programmable Logic Devices (Page-303), Asics- Characteristics And Design Issues (Page-339), Asics- Design Techniques (Page-385), Submicron Scaling (Page-425).
650 #0 - SUBJECT ADDED ENTRY--TOPICAL TERM
Topical term or geographic name entry element Telecommunication Engineering
856 42 - ELECTRONIC LOCATION AND ACCESS
Materials specified Publisher description
Uniform Resource Identifier <a href="http://www.loc.gov/catdir/enhancements/fy0640/97126840-d.html">http://www.loc.gov/catdir/enhancements/fy0640/97126840-d.html</a>
856 42 - ELECTRONIC LOCATION AND ACCESS
Materials specified Table of contents only
Uniform Resource Identifier <a href="http://www.loc.gov/catdir/enhancements/fy0640/97126840-t.html">http://www.loc.gov/catdir/enhancements/fy0640/97126840-t.html</a>
942 ## - ADDED ENTRY ELEMENTS (KOHA)
Source of classification or shelving scheme
Koha item type Book
Holdings
Withdrawn status Lost status Source of classification or shelving scheme Damaged status Not for loan Permanent Location Current Location Shelving location Date acquired Full call number Barcode Date last seen Price effective from Koha item type Public note
          Military College of Signals (MCS) Military College of Signals (MCS) General Stacks 12/12/2016 621.381521,HER MCS31089 12/08/2016 12/12/2016 Book Almirah No.34, Shelf No.1
© 2023 Central Library, National University of Sciences and Technology. All Rights Reserved.